| 000 | 00522pam a2200205 a 4500 | ||
|---|---|---|---|
| 020 | _c | ||
| 040 | _aMedical College Libr | ||
| 041 |
_aENG _hENG |
||
| 082 |
_a618.92 _bMIT |
||
| 100 | _aMaittal , S. K. . | ||
| 245 |
_aImmunisction in Practice / _c _hTextual Documents |
||
| 250 |
_a2nd / _b. |
||
| 260 |
_aNew Delhi : _bCBS Pub. , _c2000. |
||
| 300 |
_a710+46 ; _c |
||
| 365 | _a110.00 | ||
| 653 |
_aPaediatrics _aMedical Science |
||
| 930 | _a536 | ||
| 999 |
_c536 _d536 |
||